Unity and disintegration in international alliances: comparative studies

Saved in:
Bibliografiske detaljer
Main Authors: Holsti, Ole R (Author), Hopmann, P. Terrence (Author), Sullivan, John D (Author)
Format: Bog
Sprog:engelsk
Udgivet: Nueva York John Wiley 1973
Serier:Comparative Studies in Behavioral Science
Fag:
Tags: Tilføj Tag
Ingen Tags, Vær først til at tagge denne postø!

MARC

LEADER 00000nam a2200000 a 4500
001 UCT8653
003 CL-VaPUC
008 970326e19730000US |||||||||||||||||eng|d
082 0 4 |a 327.116  |b HOL  |2 21 
100 |a Holsti, Ole R  |e author  |9 452816 
700 0 |a Hopmann, P. Terrence  |e author  |9 380523 
700 0 |a Sullivan, John D  |e author  |9 380524 
245 1 0 |a Unity and disintegration in international alliances: comparative studies 
300 |a 293 p 
942 |c BK 
945 |d 19970326 00:00:00  |a paguirre 
260 |a Nueva York  |b John Wiley  |c 1973 
650 0 |a Alianzas  |9 349596 
650 0 |a Relaciones Internacionales  |9 255740 
650 0 |a Cooperación internacional  |9 255447 
650 0 |a Acuerdos internacionales  |9 337381 
583 |a last modification  |c 19970326 00:00:00  |k Rodrigo Vera 
490 0 |a Comparative Studies in Behavioral Science 
999 |c 257140  |d 257138 
952 |0 0  |1 0  |4 0  |6 327_116000000000000_HOL_1973  |7 0  |8 A  |9 280400  |a BIBDER  |b BIBDER  |d 2019-11-19  |i 1815075  |o 327.116 HOL 1973  |p 1815075  |r 2023-01-25  |w 2019-11-19  |y BK  |k DER